| 000 -LEADER | |
|---|---|
| fixed length control field | 01462nam a2200277Ia 4500 |
| 008 - FIXED-LENGTH DATA ELEMENTS--GENERAL INFORMATION | |
| fixed length control field | 191130s2009##################000#0#eng## |
| 020 ## - INTERNATIONAL STANDARD BOOK NUMBER | |
| ISBN | 9780262013550 |
| 082 ## - DEWEY DECIMAL CLASSIFICATION NUMBER | |
| Classification number | 709.7307474748 ROL |
| 245 ## - TITLE STATEMENT | |
| Title | Tim Rollins and K.O.S. : a history |
| Statement of responsibility, etc | edited by Ian Berry ; with essays by Julie Ault ... [et al.] and a dialogue with Tim Rollins by Ian Berry |
| 260 ## - PUBLICATION, DISTRIBUTION, ETC. (IMPRINT) | |
| Place of publication | Cambridge, MA |
| Name of publisher | MIT Press |
| Year of publication | 2009 |
| 300 ## - PHYSICAL DESCRIPTION | |
| Number of Pages | 272 p. : ill. (some col.) ; 30 cm. |
| 500 ## - GENERAL NOTE | |
| General note | Issued in connection with an exhibition held Feb. 6-June 6, 2009, Frances Young Tang Teaching Museum and Art Gallery at Skidmore College, Saratoga Springs, New York, Sept. 11-Dec. 6, 2009, Institute of Contemporary Art, University of Pennsylvania, Philadelphia, Pennsylvania, and Jan. 23-May 31, 2010, Frye Art Museum, Seattle, Washington. Includes bibliographical references (p. 264-269) |
| 650 ## - SUBJECT ADDED ENTRY--TOPICAL TERM | |
| Topical Term | Group work in art - United States - Exhibitions |
| Topical Term | K.O.S. (Group of artists) - Exhibitions |
| Topical Term | Mixed media painting - United States - Exhibitions |
| Topical Term | Rollins, Tim, 1955- - Exhibitions |
| 700 ## - ADDED ENTRY--PERSONAL NAME | |
| Personal name | Ault, Julie |
| Personal name | Berry, Ian |
| Personal name | Rollins, Tim |
| 710 ## - ADDED ENTRY--CORPORATE NAME | |
| Corporate name or jurisdiction name as entry element | Charles and Emma Frye Art Museum, Frances Young Tang Teaching Museum and Art Gallery, University of Pennsylvania. Institute of Contemporary Art |
| 991 ## - | |
| -- | 299032 |
| Withdrawn status | Lost status | Damaged status | Not for loan | Home library | Current library | Shelving location | Date acquired | Full call number | Accession Number | Price effective from | Koha item type |
|---|---|---|---|---|---|---|---|---|---|---|---|
| Anna Centenary Library | Anna Centenary Library | 6TH FLOOR, B WING | 09.10.2020 | 709.7307474748 ROL | 462559 | 09.10.2020 | English Books |